Länder, deren zweiter Buchstabe ein Konsonant ist - Statistiken

Allgemein
  • Dieses Quiz wurde 329 mal gespielt
  • Das Durchschnittsergebnis liegt bei 46 aus 59
Antwortstatistiken
Hint Antwort % Korrekt
F Frankreich
94%
China
93%
Albanien
90%
S Schweden
89%
C Chile
88%
Estland
88%
Irland
88%
Griechenland
87%
Island
87%
Ägypten
85%
Armenien
85%
Schweiz
85%
Argentinien
84%
Andorra
83%
Aserbaidschan
83%
K Kroatien
83%
Brasilien
82%
O Oman
82%
I Indien
81%
Indonesien
81%
Algerien
80%
Italien
80%
Spanien
80%
A Afghanistan
79%
Angola
79%
D Dschibuti
79%
Eritrea
79%
Irak
79%
Iran
79%
Österreich
79%
Brunei
78%
Israel
78%
Slowakei
78%
Slowenien
78%
Ungarn
78%
Uruguay
77%
Usbekistan
77%
B Bhutan
76%
Trinidad und Tobago
76%
Tschad
76%
Tschechien
76%
Osttimor
75%
Äthiopien
72%
Eswatini
71%
U Uganda
71%
Ukraine
70%
E Ecuador
69%
Sri Lanka
69%
Grenada
67%
P Philippinen
67%
G Ghana
66%
St. Vincent und die Grenadinen
66%
Antigua und Barbuda
65%
Elfenbeinküste
65%
St. Kitts und Nevis
64%
St. Lucia
64%
T Thailand
63%
El Salvador
61%
Äquatorialguinea
59%
Keine übereinstimmenden Quizze gefunden
Verteilung der Resultate
Anzahl Personen mit jedem Resultat
Perzentil nach korrekt beantworteten Fragen
Ihre Resultats-Entwicklung
Sie haben dieses Quiz noch nicht gespielt